000
00490nam a2200181Ia 4500
008
100917s9999 xx 000 0 und d
082
_b
44224
100
_a
गोगटे शकुंतला
245
_a
सार्थक
260
_b
मनोरमा प्रकाशन
_c
1981
300
_a
151
365
_b
18
520
_a
कादंबरी
630
_a
सार्थक
650
_a
कादंबरी
730
_a
सार्थक
942
_c
BOOK
999
_c
649618
_d
649615